[Event "New York State-ch 138th"]
[Site "Colonie"]
[Date "2016.09.05"]
[Round "5"]
[White "Felber, Joseph J"]
[Black "Kotski, Edward J"]
[Result "1-0"]
[WhiteElo "2022"]
[BlackElo "1900"]
[PlyCount "73"]
[EventDate "2016.09.02"]
[EventType "swiss"]
[EventRounds "6"]
[EventCountry "USA"]
[SourceTitle "CBM 174 Extra"]
[Source "ChessBase"]
[SourceDate "2016.10.10"]
[SourceVersion "1"]
[SourceVersionDate "2016.10.10"]
[SourceQuality "1"]

1. e4 c5 2. Nf3 d6 3. d4 cxd4 4. Nxd4 Nf6 5. Nc3 g6 6. Be2 Bg7 7. Be3 Nbd7 8. 0-0 a6 9. a4 h5 10. h3 Qc7 11. Qd2 b6 12. Nd5 Nxd5 13. exd5 Bb7 14. c4 Nc5 15. b4 Ne4 16. Qd3 Nf6 17. Rac1 Qd7 18. Bf3 Bh6 19. Nc6 Bxe3 20. Qxe3 Bxc6 21. dxc6 Qc7 22. a5 bxa5 23. bxa5 Rb8 24. Rb1 0-0 25. Rb6 e5 26. Bd5 Kg7 27. Rfb1 Nxd5 28. cxd5 Ra8 29. Qe2 Rfb8 30. Qf3 Rf8 31. Qc3 Rfc8 32. Qb4 Qe7 33. Rb7 Rc7 34. Qb6 Rxb7 35. cxb7 Rb8 36. Qxa6 Qc7 37. Qb6 1-0

[Event "USA-chT Amateur East"]
[Site "Parsippany"]
[Date "2012.02.19"]
[Round "4"]
[White "Felber, Joseph J"]
[Black "Frenklakh, Valery"]
[Result "0-1"]
[WhiteElo "2066"]
[BlackElo "2305"]
[PlyCount "80"]
[EventDate "2012.02.18"]
[EventType "team-swiss"]
[EventRounds "6"]
[EventCountry "USA"]
[SourceTitle "CBM 147 Extra"]
[Source "ChessBase"]
[SourceDate "2012.04.24"]
[SourceVersion "1"]
[SourceVersionDate "2012.04.24"]
[SourceQuality "1"]

1. e4 c5 2. Nf3 e6 3. d4 cxd4 4. Nxd4 Nf6 5. Nc3 d6 6. Be2 a6 7. a4 Be7 8. 0-0 0-0 9. Be3 Qc7 10. Kh1 b6 11. f4 Bb7 12. Bf3 Nbd7 13. Nb3 Rfd8 14. Qe2 Rac8 15. Rad1 Qb8 16. Qf2 Rxc3 17. bxc3 Nxe4 18. Bxe4 Bxe4 19. Bd4 Qc7 20. Qe2 Qb7 21. Rd2 Rc8 22. Qg4 Bf8 23. Qg3 Qc6 24. Re1 f5 25. h3 Qxa4 26. Rde2 Qc6 27. Nd2 d5 28. Nf3 a5 29. Ng5 a4 30. Ra1 b5 31. Ree1 Nb6 32. Nf3 Nc4 33. Qf2 Bd6 34. Ng5 Re8 35. Nf3 Bxf4 36. Qh4 Qc7 37. Ng5 Bxg5 38. Qxg5 e5 39. Bg1 f4 40. Rad1 f3 0-1

[Event "New York State-ch 133rd"]
[Site "Colonie"]
[Date "2011.09.05"]
[Round "5"]
[White "Felber, Joseph J"]
[Black "Richman, Jonathan T"]
[Result "1/2-1/2"]
[WhiteElo "2097"]
[BlackElo "1994"]
[PlyCount "87"]
[EventDate "2011.09.02"]
[EventType "swiss"]
[EventRounds "6"]
[EventCountry "USA"]
[SourceTitle "CBM 144 Extra"]
[Source "ChessBase"]
[SourceDate "2011.10.28"]
[SourceVersion "1"]
[SourceVersionDate "2011.10.28"]
[SourceQuality "1"]

1. e4 c5 2. Nf3 d6 3. d4 cxd4 4. Nxd4 Nf6 5. Nc3 a6 6. a4 g6 7. Be2 Bg7 8. Be3 0-0 9. Nb3 Nc6 10. 0-0 Be6 11. Kh1 Qc8 12. f4 Ng4 13. Bxg4 Bxg4 14. Qd2 Be6 15. Nd4 Na5 16. b3 Bxb3 17. Qe1 Bc4 18. Rf3 Nc6 19. Rd1 Nxd4 20. Bxd4 Bxd4 21. Rxd4 Qc5 22. Qd2 Rac8 23. f5 Qe5 24. Nd1 Rc6 25. Ne3 Rfc8 26. f6 exf6 27. Ng4 Qc5 28. Nxf6+ Kg7 29. Nd7 Qa7 30. c3 Be6 31. Rxd6 b5 32. Rxc6 Rxc6 33. Ne5 Rc7 34. Qg5 Qb8 35. Qf6+ Kg8 36. Rd3 Rc8 37. Nc6 Rxc6 38. Rd8+ Qxd8 39. Qxd8+ Kg7 40. axb5 axb5 41. h3 Bc4 42. Qd4+ Kg8 43. Kh2 Re6 44. Qd8+ 1/2-1/2

[Event "New York State-ch 133rd"]
[Site "Colonie"]
[Date "2011.09.03"]
[Round "2"]
[White "Chandran, Kapil"]
[Black "Felber, Joseph J"]
[Result "1-0"]
[WhiteElo "2084"]
[BlackElo "2097"]
[PlyCount "51"]
[EventDate "2011.09.02"]
[EventType "swiss"]
[EventRounds "6"]
[EventCountry "USA"]
[SourceTitle "CBM 144 Extra"]
[Source "ChessBase"]
[SourceDate "2011.10.28"]
[SourceVersion "1"]
[SourceVersionDate "2011.10.28"]
[SourceQuality "1"]

1. e4 c6 2. d4 d5 3. f3 g6 4. Nc3 Bg7 5. Be3 Be6 6. Qd2 Nf6 7. e5 Nfd7 8. f4 f6 9. Nf3 0-0 10. h4 Bg4 11. Be2 Na6 12. Nh2 Bxe2 13. Qxe2 Nb6 14. h5 gxh5 15. 0-0-0 Nc4 16. Kb1 b5 17. Bc1 Nb4 18. g4 h4 19. Nf3 Qa5 20. Qh2 h6 21. e6 Nd6 22. Nd2 Ne4 23. Ndxe4 dxe4 24. f5 Rab8 25. Qxh4 Nd5 26. Nxd5 1-0

[Event "New York State-ch 133rd"]
[Site "Colonie"]
[Date "2011.09.02"]
[Round "1"]
[White "Taylor, Steven A"]
[Black "Felber, Joseph J"]
[Result "1-0"]
[WhiteElo "2179"]
[BlackElo "2097"]
[PlyCount "55"]
[EventDate "2011.09.02"]
[EventType "swiss"]
[EventRounds "6"]
[EventCountry "USA"]
[SourceTitle "CBM 144 Extra"]
[Source "ChessBase"]
[SourceDate "2011.10.28"]
[SourceVersion "1"]
[SourceVersionDate "2011.10.28"]
[SourceQuality "1"]

1. d4 Nf6 2. c4 e6 3. Nf3 b6 4. Bf4 Bb7 5. e3 Be7 6. h3 0-0 7. Nc3 d5 8. cxd5 Nxd5 9. Nxd5 exd5 10. Bd3 Nd7 11. 0-0 c5 12. Rc1 Rc8 13. dxc5 bxc5 14. Qc2 Nf6 15. Bf5 Rc6 16. Ne5 Ra6 17. Rfd1 g6 18. Bd3 Re6 19. Ng4 Nxg4 20. hxg4 d4 21. Bc4 Be4 22. Qd2 Rb6 23. exd4 cxd4 24. Bc7 Qa8 25. Bxb6 axb6 26. Re1 Bh4 27. Qf4 Bxg2 28. Qh2 1-0

[Event "Nassau-ch"]
[Site "Nassau"]
[Date "2009.12.14"]
[Round "9"]
[White "Felber, Joseph J"]
[Black "Tavares, Jarrod M"]
[Result "1-0"]
[WhiteElo "2008"]
[BlackElo "1829"]
[PlyCount "43"]
[EventDate "2009.10.19"]
[EventType "swiss"]
[EventRounds "10"]
[EventCountry "USA"]
[SourceTitle "EXT 2011"]
[Source "ChessBase"]
[SourceDate "2010.11.26"]
[SourceVersion "1"]
[SourceVersionDate "2010.11.26"]
[SourceQuality "1"]

1. e4 e5 2. Bc4 Nf6 3. d4 exd4 4. Nf3 Bc5 5. 0-0 d6 6. Bg5 Bg4 7. Qd3 Bxf3 8. Qxf3 Nbd7 9. Qb3 Ne5 10. Be2 h6 11. Bxf6 gxf6 12. Kh1 Qc8 13. Bh5 Rg8 14. f4 Ng6 15. Nd2 Bb6 16. e5 Qf5 17. g4 Qd7 18. e6 Qc6+ 19. Nf3 0-0-0 20. exf7 Rg7 21. Qe6+ Kb8 22. Qxf6 1-0

[Event "Nassau-ch"]
[Site "Nassau"]
[Date "2009.11.23"]
[Round "6"]
[White "Parascandolo, Andrew"]
[Black "Felber, Joseph J"]
[Result "1-0"]
[WhiteElo "1953"]
[BlackElo "2008"]
[PlyCount "105"]
[EventDate "2009.10.19"]
[EventType "swiss"]
[EventRounds "10"]
[EventCountry "USA"]
[SourceTitle "EXT 2011"]
[Source "ChessBase"]
[SourceDate "2010.11.26"]
[SourceVersion "1"]
[SourceVersionDate "2010.11.26"]
[SourceQuality "1"]

1. d4 Nf6 2. c4 g6 3. Nc3 d5 4. Nf3 Bg7 5. e3 0-0 6. Be2 c6 7. Qb3 Na6 8. 0-0 Nc7 9. h3 Rb8 10. cxd5 cxd5 11. Ne5 Be6 12. Bd3 Nd7 13. Nxd7 Qxd7 14. Bd2 b5 15. Ne2 Rfc8 16. Rfc1 Ne8 17. Rxc8 Qxc8 18. Rc1 Qd7 19. Ba5 a6 20. Nf4 Rc8 21. Rxc8 Qxc8 22. Nxe6 Qxe6 23. a4 bxa4 24. Qxa4 Nf6 25. Be1 Qc8 26. Bc3 Ne4 27. Qxa6 Qb8 28. Bxe4 dxe4 29. Qc6 f5 30. Qe6+ Kf8 31. h4 Qb5 32. b3 Bf6 33. g3 Kg7 34. Qc4 Qd7 35. d5 Bxc3 36. Qxc3+ Kh6 37. Qc5 Qb7 38. b4 Qa8 39. Qd4 Qa6 40. Qe5 Qb7 41. Qd4 Qa6 42. Kg2 Qe2 43. d6 exd6 44. Qxd6 Qf3+ 45. Kg1 Qe2 46. Qf4+ Kg7 47. Kg2 Qb5 48. Qd6 Qe2 49. Qd7+ Kh6 50. b5 Qb2 51. Qd5 Kh5 52. Qd8 h6 53. Qd1+ 1-0

[Event "Nassau-ch"]
[Site "Nassau"]
[Date "2009.11.07"]
[Round "7"]
[White "Niemczyk, Michael"]
[Black "Felber, Joseph J"]
[Result "1-0"]
[WhiteElo "2119"]
[BlackElo "2008"]
[PlyCount "99"]
[EventDate "2009.10.19"]
[EventType "swiss"]
[EventRounds "10"]
[EventCountry "USA"]
[SourceTitle "EXT 2011"]
[Source "ChessBase"]
[SourceDate "2010.11.26"]
[SourceVersion "1"]
[SourceVersionDate "2010.11.26"]
[SourceQuality "1"]

1. Nf3 Nf6 2. d4 e6 3. g3 b6 4. Bg2 Bb7 5. 0-0 Be7 6. c4 0-0 7. Nc3 Ne4 8. Qc2 Nxc3 9. Qxc3 f5 10. Rd1 d6 11. b4 a5 12. bxa5 Rxa5 13. Qb3 Qc8 14. Bd2 Ra8 15. a4 Nd7 16. a5 bxa5 17. Rxa5 Rxa5 18. Bxa5 Nf6 19. Rb1 Be4 20. Ra1 Qd7 21. Ne1 Bxg2 22. Kxg2 Qc6+ 23. f3 h6 24. Bc3 Ng4 25. Nc2 Nf6 26. Qa4 Qb7 27. Ra2 Rb8 28. Nb4 c5 29. dxc5 dxc5 30. Nc6 Rc8 31. Nxe7+ Qxe7 32. Be5 Rd8 33. Qc6 Kh7 34. Ra6 Rd2 35. Kf2 Qd8 36. Qxe6 Kg6 37. Bxf6 gxf6 38. Qe3 Rd4 39. Qe6 Rd7 40. Rc6 Rd1 41. Qe3 Rd7 42. Rxc5 Re7 43. Rd5 Qc7 44. Qd3 Re5 45. Rxe5 Qxe5 46. Qd5 Qe7 47. Qg8+ Kh5 48. g4+ Kh4 49. Qg6 Qc5+ 50. Kg2 1-0

[Event "Nassau-ch"]
[Site "Nassau"]
[Date "2009.11.02"]
[Round "3"]
[White "Felber, Joseph J"]
[Black "Bonin, Jay R"]
[Result "1/2-1/2"]
[WhiteElo "2008"]
[BlackElo "2388"]
[PlyCount "58"]
[EventDate "2009.10.19"]
[EventType "swiss"]
[EventRounds "10"]
[EventCountry "USA"]
[SourceTitle "EXT 2011"]
[Source "ChessBase"]
[SourceDate "2010.11.26"]
[SourceVersion "1"]
[SourceVersionDate "2010.11.26"]
[SourceQuality "1"]

1. e4 c5 2. Nf3 Nc6 3. d4 cxd4 4. Nxd4 e5 5. Nb5 d6 6. Be2 Be7 7. N1c3 a6 8. Na3 Be6 9. 0-0 Rc8 10. Be3 Nf6 11. Bf3 Nb4 12. Qe2 0-0 13. Rfd1 Qa5 14. Bd2 Rfd8 15. Nd5 Bxd5 16. exd5 Qa4 17. Bxb4 Qxb4 18. c3 Qa4 19. Nc2 Re8 20. Ne3 g6 21. g3 Bd8 22. b3 Qd7 23. Rac1 Bb6 24. c4 h5 25. h4 e4 26. Bg2 Ng4 27. Bh3 f5 28. Bxg4 hxg4 29. Kg2 Bc5 1/2-1/2

[Event "New York State-ch 131st"]
[Site "Colonie"]
[Date "2009.09.07"]
[Round "5"]
[White "Felber, Joseph J"]
[Black "Lian, Jayson"]
[Result "0-1"]
[WhiteElo "2054"]
[BlackElo "2166"]
[PlyCount "50"]
[EventDate "2009.09.05"]
[EventType "swiss"]
[EventRounds "6"]
[EventCountry "USA"]
[SourceTitle "CBM 132 Extra"]
[Source "ChessBase"]
[SourceDate "2009.11.03"]
[SourceVersion "1"]
[SourceVersionDate "2009.11.03"]
[SourceQuality "1"]

1. e4 c5 2. Nf3 Nc6 3. d4 cxd4 4. Nxd4 Nf6 5. Nc3 g6 6. Be2 Bg7 7. Be3 0-0 8. Nb3 d6 9. 0-0 Be6 10. Kh1 Rc8 11. f4 Na5 12. Nxa5 Qxa5 13. Qd2 Rxc3 14. Qxc3 Qxc3 15. bxc3 Nxe4 16. Bd3 Nxc3 17. a4 Nd5 18. Rae1 Bc3 19. Re2 Bg4 20. Bxa7 Bxe2 21. Bxe2 Ra8 22. Bc4 Nb4 23. Bg1 Rxa4 24. f5 Nxc2 25. Bb3 Ra1 0-1

[Event "New York State-ch 131st"]
[Site "Colonie"]
[Date "2009.09.06"]
[Round "4"]
[White "Felber, Joseph J"]
[Black "Sheppard, Dore A"]
[Result "1-0"]
[WhiteElo "2054"]
[BlackElo "2117"]
[PlyCount "63"]
[EventDate "2009.09.05"]
[EventType "swiss"]
[EventRounds "6"]
[EventCountry "USA"]
[SourceTitle "CBM 132 Extra"]
[Source "ChessBase"]
[SourceDate "2009.11.03"]
[SourceVersion "1"]
[SourceVersionDate "2009.11.03"]
[SourceQuality "1"]

1. e4 c5 2. Nf3 e6 3. d4 cxd4 4. Nxd4 Nc6 5. Be2 Nf6 6. Nc3 Qc7 7. 0-0 a6 8. Be3 b5 9. a3 Bb7 10. Nxc6 Bxc6 11. Qd3 Qb7 12. f3 Be7 13. Kh1 0-0 14. Bg5 Rac8 15. e5 Nd5 16. Ne4 f6 17. exf6 gxf6 18. Bh6 Rfe8 19. f4 Kh8 20. Bh5 Rg8 21. Rae1 Qb6 22. Bf7 Rg4 23. Bh5 Rgg8 24. Bf7 Bf8 25. Bxg8 Bxh6 26. Ng5 f5 27. Nf7+ Kxg8 28. Nxh6+ Kg7 29. Qg3+ Kf8 30. Qg8+ Ke7 31. Nxf5+ Kf6 32. Qg7+ 1-0

[Event "New York State-ch 131st"]
[Site "Colonie"]
[Date "2009.09.06"]
[Round "3"]
[White "Kwartler, Lonnie"]
[Black "Felber, Joseph J"]
[Result "1/2-1/2"]
[WhiteElo "2194"]
[BlackElo "2054"]
[PlyCount "35"]
[EventDate "2009.09.05"]
[EventType "swiss"]
[EventRounds "6"]
[EventCountry "USA"]
[SourceTitle "CBM 132 Extra"]
[Source "ChessBase"]
[SourceDate "2009.11.03"]
[SourceVersion "1"]
[SourceVersionDate "2009.11.03"]
[SourceQuality "1"]

1. Nf3 Nf6 2. g3 b6 3. Bg2 Bb7 4. 0-0 e6 5. c4 Be7 6. Nc3 0-0 7. d4 Ne4 8. Qc2 Nxc3 9. Qxc3 d6 10. Qc2 f5 11. Ne1 Bxg2 12. Nxg2 c5 13. Nf4 Qd7 14. d5 e5 15. Ne6 Rf7 16. e4 Nc6 17. f4 Nd4 18. Nxd4 1/2-1/2

[Event "New York State-ch 131st"]
[Site "Colonie"]
[Date "2009.09.05"]
[Round "2"]
[White "Felber, Joseph J"]
[Black "Chipkin, Leonard B"]
[Result "1/2-1/2"]
[WhiteElo "2054"]
[BlackElo "2078"]
[PlyCount "36"]
[EventDate "2009.09.05"]
[EventType "swiss"]
[EventRounds "6"]
[EventCountry "USA"]
[SourceTitle "CBM 132 Extra"]
[Source "ChessBase"]
[SourceDate "2009.11.03"]
[SourceVersion "1"]
[SourceVersionDate "2009.11.03"]
[SourceQuality "1"]

1. e4 e6 2. d4 d5 3. Nd2 c5 4. c3 cxd4 5. cxd4 dxe4 6. Nxe4 Nd7 7. Nf3 Ngf6 8. Bd3 Nxe4 9. Bxe4 Nf6 10. Bd3 Bb4+ 11. Bd2 Bxd2+ 12. Qxd2 0-0 13. 0-0 b6 14. Rac1 Bb7 15. Qe2 Rc8 16. Rxc8 Qxc8 17. Ne5 Rd8 18. Rd1 Bd5 1/2-1/2

[Event "Nassau CC-ch"]
[Site "Mineola"]
[Date "2008.12.22"]
[Round "10"]
[White "Felber, Joseph J"]
[Black "Parascandolo, Andrew"]
[Result "1/2-1/2"]
[WhiteElo "2002"]
[BlackElo "1960"]
[PlyCount "35"]
[EventDate "2008.10.20"]
[EventType "swiss"]
[EventRounds "10"]
[EventCountry "USA"]
[SourceTitle "EXT 2010"]
[Source "ChessBase"]
[SourceDate "2010.11.25"]
[SourceVersion "1"]
[SourceVersionDate "2010.11.25"]
[SourceQuality "1"]

1. e4 c5 2. Nf3 Nc6 3. d4 cxd4 4. Nxd4 Nf6 5. Nc3 d6 6. Be2 e5 7. Nb3 Be7 8. Be3 Be6 9. 0-0 0-0 10. f4 exf4 11. Rxf4 Ne5 12. Nd4 Ng6 13. Rf1 Ne5 14. Nf5 a6 15. Kh1 Rc8 16. Bg5 Bxf5 17. Bxf6 Be6 18. Bxe7 1/2-1/2

[Event "Nassau CC-ch"]
[Site "Mineola"]
[Date "2008.10.27"]
[Round "2"]
[White "Felber, Joseph J"]
[Black "Weser, Adam"]
[Result "1-0"]
[WhiteElo "2002"]
[BlackElo "2093"]
[PlyCount "45"]
[EventDate "2008.10.20"]
[EventType "swiss"]
[EventRounds "10"]
[EventCountry "USA"]
[SourceTitle "EXT 2010"]
[Source "ChessBase"]
[SourceDate "2010.11.25"]
[SourceVersion "1"]
[SourceVersionDate "2010.11.25"]
[SourceQuality "1"]

1. e4 e6 2. d4 d5 3. Nd2 Nf6 4. Bd3 c5 5. e5 Nfd7 6. c3 cxd4 7. cxd4 Nc6 8. Ne2 f6 9. exf6 Nxf6 10. Nf3 Qc7 11. 0-0 Bd6 12. Bg5 0-0 13. Rc1 Ng4 14. Ng3 h6 15. Bd2 Qe7 16. Qe2 e5 17. dxe5 Ncxe5 18. Nxe5 Qxe5 19. Rxc8 Raxc8 20. Qxg4 Bc5 21. Nf5 Rc6 22. Nxh6+ Kh8 23. Nf5 1-0

[Event "Nassau CC-ch"]
[Site "Mineola"]
[Date "2008.10.20"]
[Round "1"]
[White "Slyper, Andrew J"]
[Black "Felber, Joseph J"]
[Result "0-1"]
[WhiteElo "1618"]
[BlackElo "2002"]
[PlyCount "52"]
[EventDate "2008.10.20"]
[EventType "swiss"]
[EventRounds "10"]
[EventCountry "USA"]
[SourceTitle "EXT 2010"]
[Source "ChessBase"]
[SourceDate "2010.11.25"]
[SourceVersion "1"]
[SourceVersionDate "2010.11.25"]
[SourceQuality "1"]

1. d4 Nf6 2. c4 g6 3. Nc3 d5 4. Bg5 c6 5. e3 Bg7 6. cxd5 cxd5 7. Bb5+ Bd7 8. Bxd7+ Nbxd7 9. f4 0-0 10. Qd3 Nb6 11. b3 Rc8 12. Nge2 Qd7 13. 0-0 Rc6 14. Rfc1 Rfc8 15. Bh4 Qe6 16. Nb5 a6 17. Rxc6 Rxc6 18. Nbc3 Ne4 19. Nxe4 dxe4 20. Qd2 Nd5 21. Rc1 h6 22. Rxc6 Qxc6 23. Bf2 e6 24. Qc1 Qb5 25. Qd2 Bf8 26. Qc2 Qd3 0-1

[Event "Nassau CC-ch"]
[Site "Mineola"]
[Date "2006.11.27"]
[Round "7"]
[White "Felber, Joseph J"]
[Black "Romero, Stephen"]
[Result "0-1"]
[WhiteElo "2000"]
[BlackElo "1930"]
[PlyCount "56"]
[EventDate "2006.10.16"]
[EventType "swiss"]
[EventRounds "10"]
[EventCountry "USA"]
[SourceTitle "EXT 2008"]
[Source "ChessBase"]
[SourceDate "2007.11.25"]
[SourceVersion "1"]
[SourceVersionDate "2007.11.25"]
[SourceQuality "1"]

1. e4 e6 2. d4 d5 3. Nd2 Nf6 4. e5 Nfd7 5. Bd3 c5 6. c3 Nc6 7. Ne2 cxd4 8. cxd4 f6 9. exf6 Nxf6 10. Nf3 Bd6 11. 0-0 Qc7 12. Bg5 0-0 13. Rc1 Bd7 14. Ng3 Rae8 15. Bb1 Bf4 16. Rc3 Bxg5 17. Nxg5 Qf4 18. Nf3 e5 19. dxe5 Nxe5 20. Qc2 g6 21. Nxe5 Rxe5 22. Rf3 Qg5 23. h3 Bc6 24. Qb3 Kg7 25. Nf5+ Rxf5 26. Bxf5 d4 27. Bg4 h5 28. Bxh5 Nxh5 0-1